000 003560000a22001450004500
060 _a100
082 _a581.012 PLO
100 _aplowden, Chicheley C
245 _aManual of plant names
260 _aLondon, George Allen & Unwin Ltd
260 _c1968
300 _a260
650 _aCell division/ Metabolism/ Genetics/ Generic Names
942 _cBK
999 _c361124
_d361124